000
00274nam a2200109Ia 4500
008
200302s9999 xx 000 0 und d
100
_a
Author
245
_a
Building Maintenance An Interim Report
260
_b
Her Majesty s Stationery Office
260
_c
1969
300
_a
23 P.,
999
_c
504
_d
504